Social science, for what? : festschrift for Johan Galtung /
| Other Authors: | , , |
|---|---|
| Format: | Book |
| Language: | English French German |
| Published: |
Oslo :
Universitetsforlaget,
[1980]
|
| Subjects: |
MARC
| Tag | First Indicator | Second Indicator | Subfields |
|---|---|---|---|
| LEADER | 00000cam a2200000 a 4500 | ||
| 001 | in00000096173 | ||
| 005 | 20150923174034.0 | ||
| 008 | 820524s1980 no a b 01 00 eng | ||
| 010 | |a 81114415 | ||
| 015 | |a N80-Dec | ||
| 020 | |a 8200055213 : |c kr180.00 | ||
| 035 | |a (OCoLC)08494326 | ||
| 035 | |9 AAK8567AM | ||
| 039 | 0 | |a 2 |b 3 |c 3 |d 3 |e 3 | |
| 040 | |a DLC |c DLC |d TXA |d UtOrBLW | ||
| 041 | 0 | |a eng |a fre |a ger | |
| 049 | |a TXAM |c [1673704] | ||
| 050 | 0 | 0 | |a H62 |b .S678 |
| 082 | 0 | |a 300/.72 |2 19 | |
| 090 | |a H62 |b .S6773 | ||
| 245 | 0 | 0 | |a Social science, for what? : |b festschrift for Johan Galtung / |c Hans-Henrik Holm and Erik Rudeng (eds.). |
| 264 | 1 | |a Oslo : |b Universitetsforlaget, |c [1980] | |
| 264 | 3 | |a Drammen : |b Tangentrykk | |
| 264 | 4 | |c ©1980 | |
| 300 | |a 223 pages : |b illustrations ; |c 23 cm. | ||
| 336 | |a text |b txt |2 rdacontent | ||
| 337 | |a unmediated |b n |2 rdamedia | ||
| 338 | |a volume |b nc |2 rdacarrier | ||
| 500 | |a Contributions also in French and German. | ||
| 504 | |a Includes bibliographical references. | ||
| 650 | 0 | |a Social sciences |x Research. | |
| 700 | 1 | |a Galtung, Johan. | |
| 700 | 1 | |a Holm, Hans-Henrik, |d 1951- | |
| 700 | 1 | |a Rudeng, Erik. | |
| 999 | |a MARS | ||
| 999 | f | f | |s d5aa64c1-5bda-345a-8709-a128ec1a5865 |i 945eac0e-061c-3839-a0ad-f84ea41e45f6 |t 0 |
| 952 | f | f | |p ric |a Texas A&M University |b Rellis Campus |c Joint Library Facility |d Remote Storage |t 0 |e H62 .S6773 |h Library of Congress classification |i unmediated -- volume |m A14806034020 |
| 998 | f | f | |a H62 .S6773 |t 0 |l Remote Storage |